|
|
|
|
| LEADER |
00976nam a2200265 a 4500 |
| 001 |
13450926 |
| 008 |
130115s2004 nyua b 001 0 eng d |
| 010 |
|
|
|a 2004040529
|
| 020 |
|
|
|a 9780805078541
|
| 020 |
|
|
|a 0805078541
|
| 020 |
|
|
|a 0805073701
|
| 040 |
|
|
|a DLC
|c DLC
|d DLC
|d BD-DhAAL.
|
| 082 |
0 |
0 |
|a 613
|2 22
|
| 100 |
1 |
|
|a Marmot, M. G.
|
| 245 |
1 |
4 |
|a The status syndrome :
|b how social standing affects our health and longevity /
|c Michael Marmot.
|
| 250 |
|
|
|a 1st American ed.
|
| 260 |
|
|
|a New York :
|b Times Books,
|c 2004.
|
| 300 |
|
|
|a 319 p. :
|b ill. ;
|c 24 cm.
|
| 504 |
|
|
|a Includes bibliographical references (p. [283]-295) and index.
|
| 541 |
|
|
|e 00026511
|
| 650 |
|
0 |
|a Social status
|x Health aspects.
|
| 650 |
|
0 |
|a Longevity.
|
| 852 |
1 |
|
|a Ayesha Abed Library
|j General shelf.
|
| 999 |
|
|
|c 13137
|d 13137
|
| 952 |
|
|
|0 0
|1 0
|2 ddc
|4 0
|6 613_000000000000000_MAR
|7 0
|9 21857
|a BRACUL
|b JPGSPH
|c GEN
|d 2013-01-21
|e TRIM EDUCATION
|g 2475.00
|l 0
|o 613 MAR
|p 3060026511
|r 2013-01-21
|t 1
|w 2013-01-21
|y BK
|